000 00706cab a2200229 4500
001 ABS56117
008 090401t1996 xxu||||| |||| 00| 0 eng d
035 _a(Sirsi) u21349
041 _aeng
245 _aFarm shop accreditation scheme
260 _c1996
350 _a0
490 _aFarm Development Review
_v10(11) September 1996, 2-3(2)
520 _aThe Farm Retail Association has launched an accreditation scheme for farm shops, part of a programme of marketing initiatives part-funded by MAFF.
650 _aFARM RETAIL ASSOCIATION
650 _aFARM SHOPS
650 _aPICK-YOUR-OWN
650 _aRURAL BUSINESSES
690 _aRURAL PRACTICE
942 _n0
948 _c04/03/1997
999 _c14335
_d14335